| 000 | 00691nam 22002173 4500 | ||
|---|---|---|---|
| 001 | 197513 | ||
| 010 | _a972-989-692-172-9 | ||
| 021 |
_aPT _b468 549/20 |
||
| 090 | _a197513 | ||
| 100 | _a20250808d u||y0pory50 ba | ||
| 200 |
_aÉ preciso ter lata _e80 deliciosas receitas com conservas e enlatados _fLola Milne _gfotografias de Lizzie Mayson ; tradução André Chêdas |
||
| 205 | _a1ª | ||
| 210 |
_aLisboa _carteplural _d2021 |
||
| 215 |
_a160 p. _cil. fot. ; encadernado _d22 cm |
||
| 606 |
_aAlimentos.Culinária.Pratos _913503 |
||
| 675 |
_a641.5 _vPT _zpor |
||
| 700 |
_913567 _aMilne _bLola |
||
| 702 |
_913568 _aMayson _bLizzie |
||
| 801 |
_aPT _bBMMN _gRPC |
||
| 830 |
_cAna _fAna |
||
| 990 | _cLIVROS | ||